| 000 | 00621nam a22002057a 4500 | ||
|---|---|---|---|
| 003 | NALT | ||
| 005 | 20250305085911.0 | ||
| 008 | s2547 tha d | ||
| 020 | _a9749273087 | ||
| 040 | _aNALT | ||
| 041 | _atha | ||
| 050 |
_aQL 84.5.T5 _bล982 2547 |
||
| 245 | 0 | 0 | _aLife on earth. |
| 260 |
_aม.ป.ท. : _bกรีนแมคพาย, _c2547 |
||
| 300 |
_a402 หน้า : _bภาพประกอบ ; _c21 ซม. |
||
| 650 | 0 | 4 | _aสัตว์ป่า -- ไทย |
| 850 | _aNALT | ||
| 942 |
_cGB _2lcc |
||
| 999 |
_c47427 _d47427 |
||
| 998 |
_j8 _k นายบัณฑิต อุทาวงค์ |
||